00756nam a2200193Ia 4500003000900000008004100009020001800050040001600068080002000084100002900104245010000133260007200233300001500305490003100320650003400351942000700385999001700392952015300409IN-BaIIA211028s9999 xx 000 0 eng d a0-8194-3698-4 cIIA Library a621.317.31bJAN aJanesick, James R924675 0aScientific charge-coupled devicescJames R. Janesick  aWashingtonbThe International Society for Optical Engineeringc2001 axvi, 906p. aSPIE Press monograph; PM83 aCharge coupled devices910877 cBK c14051d14051 00104070aBANbBANcGENd2001-04-12eEDS g4215.20l2m5o621.317.31/ JANp14971r2025-07-28s2024-10-17v4215.20w2001-04-12yBKGRs. 4215.20